Quiet revolutions : (Record no. 143356)

MARC details
000 -LEADER
fixed length control field 00832cam a22002537a 4500
008 - FIXED-LENGTH DATA ELEMENTS--GENERAL INFORMATION
fixed length control field
020 ## - INTERNATIONAL STANDARD BOOK NUMBER
International Standard Book Number 0852987242 (pbk.)
049 ## - LOCAL HOLDINGS (OCLC)
Holding library MAIN
090 ## - LOCALLY ASSIGNED LC-TYPE CALL NUMBER (OCLC); LOCAL CALL NUMBER (RLIN)
Classification number (OCLC) (R) ; Classification number, CALL (RLIN) (NR) TL240
Local cutter number (OCLC) ; Book number/undivided call number, CALL (RLIN) INS
003 - CONTROL NUMBER IDENTIFIER
control field
005 - DATE AND TIME OF LATEST TRANSACTION
control field 20230123133132.0
040 ## - CATALOGING SOURCE
Transcribing agency NUST
245 00 - TITLE STATEMENT
Title Quiet revolutions :
Remainder of title powertrain and vehicle noise refinement.
260 ## - PUBLICATION, DISTRIBUTION, ETC.
Place of publication, distribution, etc. London :
Name of publisher, distributor, etc. Mechanical Engineering Publications,
Date of publication, distribution, etc. 1990.
300 ## - PHYSICAL DESCRIPTION
Extent 208 p.
650 #0 - SUBJECT ADDED ENTRY--TOPICAL TERM
Topical term or geographic name entry element Motor vehicles
General subdivision Noise.
650 #0 - SUBJECT ADDED ENTRY--TOPICAL TERM
Topical term or geographic name entry element Motor vehicles
General subdivision Vibration.
653 ## - INDEX TERM--UNCONTROLLED
Uncontrolled term Motor vehicles
-- Noise
710 2# - ADDED ENTRY--CORPORATE NAME
Corporate name or jurisdiction name as entry element Institution of Mechanical Engineers (Great Britain)
830 #0 - SERIES ADDED ENTRY--UNIFORM TITLE
Uniform title Proceedings of the Institution of Mechanical Engineers.
830 #0 - SERIES ADDED ENTRY--UNIFORM TITLE
Uniform title I Mech E conference publications ;
Volume/sequential designation 1990-10.
907 ## - LOCAL DATA ELEMENT G, LDG (RLIN)
a .b10017744
b 21-02-13
c 17-04-03
942 ## - ADDED ENTRY ELEMENTS (KOHA)
Koha item type Ordinary Loan Books
Call number prefix TL240
Call number suffix INS
Holdings
Date last seen Total Checkouts Full call number Barcode Cost, replacement price Price effective from Koha item type Lost status Source of classification or shelving scheme Damaged status Not for loan Collection Withdrawn status Home library Current library Shelving location Date acquired Cost, normal purchase price
01/23/2023   TL240 QUI 92003019495 80.00 01/23/2023 BOOKS   LCC     NFIC   MAIN MAIN GEN 01/23/2023 80.00